Βασικά στοιχεία κλινικής ψυχιατρικής
Αποθηκεύτηκε σε:
| Κύριος συγγραφέας: | |
|---|---|
| Μορφή: | Βιβλίο |
| Γλώσσα: | Greek |
| Δημοσίευση: |
Θεσσαλονίκη :
University Studio Press,
1997
|
| Έκδοση: | 2η έκδ. αναθ. |
| Θέματα: | |
| Ετικέτες: |
Προσθήκη ετικέτας
Δεν υπάρχουν, Καταχωρήστε ετικέτα πρώτοι!
|
MARC
| LEADER | 00000nam a2200000 i 4500 | ||
|---|---|---|---|
| 001 | 1/69473 | ||
| 008 | 990212s1997 gre d | ||
| 020 | |a 960-12-0588-8 | ||
| 035 | |l 10047845 | ||
| 040 | |a GR-MY-UA |b gre |e aacr | ||
| 041 | 0 | |a gre | |
| 082 | 0 | |a 616.89 | |
| 100 | 1 | |a Μάνος, Νίκος. | |
| 245 | 1 | 0 | |a Βασικά στοιχεία κλινικής ψυχιατρικής / |c Νίκου Μάνου |
| 250 | |a 2η έκδ. αναθ. | ||
| 260 | |a Θεσσαλονίκη : |b University Studio Press, |c 1997 | ||
| 300 | |a 884 σ. | ||
| 650 | 0 | 0 | |a Clinical health psychology. |
| 650 | 0 | 0 | |a Psychiatry. |
| 852 | |a INST |b RHODES |e 19990212 |h 616.89 ΜΑΝ |p 005400015577 |q 005400015577 |t BK |y 0 | ||
| 901 | |a BIBL-1999-1 | ||
| 909 | |a Ρ |b 058773 |c 1998 | ||
| 922 | |a 4ΕΛΗ |b 199807 |c ΚΠΣ/Ν | ||
| 970 | |z 2000/06/ΟΙΚΟΝΟΜΟΠΟΥΛΟΥ (SUBJECT) | ||